El parrillero científico : trucos y secretos para hacer el fuego, asar la carne, preparar la ensalada y tomar vino /

Uloženo v:
Podrobná bibliografie
Hlavní autor: Golombek, Diego (compilación)
Médium: Kniha
Jazyk:španělština
Vydáno: Buenos Aires, Argentina : Siglo XXI, 2014, c2014
Vydání:2a edición
Edice:(Ciencia que Ladra... ; 56)
Témata:
Tagy: Přidat tag
Žádné tagy, Buďte první, kdo vytvoří štítek k tomuto záznamu!

MARC

LEADER 00000nam^a2200000^a^4500
001 000349298
005 20250521000000.0
009 20260310114907.001
020 |a 978-987-629-376-1 
037 |a Acervo ITESO - Biblioteca 
041 |a ESP 
082 |a 500.  |b LAD S. 1 V. 56 
100 |a Golombek, Diego  |e (compilación) 
245 1 3 |a El parrillero científico :  |b trucos y secretos para hacer el fuego, asar la carne, preparar la ensalada y tomar vino /  |c Comp. de D. Golombek. 
250 |a 2a edición 
264 4 |a Buenos Aires, Argentina :  |b Siglo XXI,  |c 2014, c2014 
300 |a 212 p. 
336 |a texto  |b txt  |2 rdacontenido 
337 |a sin mediación  |b n  |2 rdamedio 
338 |a volumen  |b nc  |2 rdasoporte 
440 1 |a (Ciencia que Ladra... ;  |v 56) 
521 |a FIL 2014 Departamento de Estudios Socioculturales 
530 |a Existe una edición en formato digital en línea con el mismo título 
649 |a XX 
650 |a Parrillas y Asadores 
650 |a Carne -  |x Cortes 
650 |a Carne -  |x Aspectos Sociales y Culturales 
650 |a Cocina -  |x Técnica 
650 |a Alimentos y Bebidas -  |x Combinaciones 
650 |a Alimentos y Bebidas -  |x Elaboración -  |x Tema Principal 
650 |a Gastronomía -  |x Tema Principal 
650 |a Ciencia -  |x Difusión 
910 |a Fondo General 
920 |a Impresos - Libros 
930 |a Colección General 
905 |a 101 
901 |a 0500239841  |b IT1  |c ACC  |i C143489  |u 20250521 
902 |a https://opac.biblio.iteso.mx/vufind/Record/000349298